000 00751nam a2200229 a 4500
001 13380
003 BD-JhCC
005 20230911094356.0
008 230909b2021 bg a|||| ||a| 000 0 ben d
020 _a9789849543718
035 _a(BD-JhCC)13380
040 _aBD-JhCC
_dBD-JhCC
041 _abengali
082 _a507.8
_bMOJ 2021
245 _aমজার মজার বিজ্ঞান প্রজেক্ট /
_cসম্পা:মুহাম্মদ জাফর ইকরাম।
260 _aঢাকা:
_bঝিলমিল;
_c2021.
300 _a64 p. :
_c24 cm.
650 _aScience--Experiments | Science projects
700 _aইকরাম,মুহাম্মদ জাফর
942 _2ddc
_cBK
999 _c13380
_d13380